Matemática: 4º medio. Cuaderno de ejercicios

Gespeichert in:
Bibliographische Detailangaben
Hauptverfasser: Carreño Campos, Ximena (VerfasserIn), Cruz Sch., Ximena (VerfasserIn)
Format: Buch
Sprache:Spanisch
Veröffentlicht: Santiago Arrayán 1990
Schlagworte:
Tags: Tag hinzufügen
Keine Tags, Fügen Sie den ersten Tag hinzu!

MARC

LEADER 00000nam a2200000 a 4500
001 UCP4329
003 CL-VaPUC
008 990724e19900000CL |||||||||||||||||spa|d
082 0 4 |a 510.0712  |b CAR  |2 21 
100 0 |a Carreño Campos, Ximena  |e author  |9 431780 
700 0 |a Cruz Sch., Ximena  |e author  |9 431781 
245 1 0 |a Matemática: 4º medio. Cuaderno de ejercicios 
300 |a 42 p 
942 |c BK 
945 |d 19990724 00:00:00  |a crobeson 
260 |a Santiago  |b Arrayán  |c 1990 
650 0 |a Matemática  |9 260235 
650 0 |a Matemáticas  |x Enseñanza  |9 875527 
650 0 |a Libros de texto  |9 270019 
583 |a last modification  |c 20170821 02:00:15  |k Rodrigo Vera 
999 |c 282316  |d 282314